Statistiche per Paesi più Grandi del Niger

Clicka qui per fare il quiz!

Statistiche generali

  • Questo quiz è stato fatto 35 volte
  • Il punteggio medio è 19 su 20

Statistiche sulle risposte

SuperficiePaese% Corretto
2,381,741Algeria
100%
2,780,400Argentina
100%
7,741,220Australia
100%
8,514,877Brasile
100%
9,984,670Canada
100%
9,596,961Cina
100%
3,287,263India
100%
1,904,569Indonesia
100%
2,724,900Kazakistan
100%
1,964,375Messico
100%
1,564,116Mongolia
100%
17,098,242Russia
100%
9,826,675Stati Uniti
100%
2,149,690Arabia Saudita
89%
1,759,540Libia
89%
2,344,858Rep. Dem. del Congo
89%
1,861,484Sudan
89%
1,284,000Ciad
78%
1,648,195Iran
78%
1,285,216Perù
78%

Distribuzione punteggi

Percentile per numero di risposta

Percentuale di utenti per punteggio

I tuoi punteggi nel tempo

Non hai fatto questo quiz